01062nab a2200277 uc450000100070000000500170000700800410002403500110006503500210007604000130009704100080011010000480011824500840016665000610025065000300031165000550034165000290039665000380042565000310046365000340049470000490052870000450057777301330062294200100075599900190076589272620240201194215.0040930e20020605 spa  a892726 a(OCoLC)820296021 ccomduadb aspa10aCano Espinosa, Ivan Dario4auteaut939671010aIdentidad desde el caos, el caos de la identidad. Historia del rock en Medellin aMúsica rock - Medellín (Antioquia, Colombia)9129742 aMúsica y jovenes919527 0aJuventudzMedellín (Antioquia, Colombia)9172954 aJovenes metaleros985086 aMúsica rock en español968522 aMúsica y cultura9103162 aMúsica y política912349610aValencia Estrada, Patricia4auteaut939671110aGonzalez, Walter Byron4auteaut93967120 tJóvenes : Revista de Estudios sobre Juventud (México)gVol. 06, No. 16, Ene.-Jun. 2002, p. 184-193w678454z1405406X0205516 cARIMP c326736d326736